000 00438nam a2200145Ia 4500
008 230917s9999||||xx |||||||||||||| ||und||
040 _e173168
_aMAIN
041 _aEnglish
082 _a891.431721 VS58S
100 _aवर्मा सतीश
245 0 _aसन, चौहतर और अन्य कविताएँ
260 _aजयपुर
_bसाहित्यागार
_c1975
300 _a124 p.
942 _cHN
999 _c145089
_d145089